00983nam a2200229Ia 450000500170000000800410001702000150005804000180007304100080009108200210009910000280012024500850014825000120023326000350024530000120028065000480029270000290034094200300036999900190039995201670041895201680058520220617172604.0210716s2007 xx 000 0 und d a8181285379 cAIMIT LIBRARY aeng a006.42 21bSTER aSteinmetz, Ralf.943897 aMultimedia systems: bwith 172 figures /cBy Ralf Steinmetz and Klara Nahrstedt. a1st ed. aNew Delhi :bSpringer ,c2007. axiv,466 aGraphics Program Multimedia Systems.943898 aNahrstedt, Klara.943899 2ddccBKe1stk006.42 STER c189482d189482 00102ddc40708MCAaAIMITbAIMITeAthulya Booksg425.00iBill no: 921; Bill dt:2009-03-27l0o006.42 STERpMCA08990r2026-05-23 00:00:00v331.50w2021-07-16yBK 00102ddc40708MCAaAIMITbAIMITeKnowledge Worldg595.00iBill no:445; Bill dt:2015-03-20l0o006.42 STERpMCA14097r2026-05-23 00:00:00v446.25w2021-07-16yBK